000
00305nam a22001337a 4500
008
181029b xxu||||| |||| 00| 0 eng d
020
_a
9780791417089
041
_a
eng
080
_a
940
100
_a
16
101
_a
SHH
245
_a
Higher Education Cannot Escape History
_c
Kerr,C
942
_2
udc
_c
BK
999
_c
51017
_d
51017